[Event "Centrocoop June op-A"]
[Site "Eforie Nord "]
[Date "1998.??.??"]
[Round "?"]
[White "Covlea, Vlad"]
[Black "Orlinkov, Maxim L"]
[Result "1/2-1/2"]
[WhiteElo "2225"]
[BlackElo "2295"]
[PlyCount "60"]
[EventDate "1998.06.??"]
[Source "www.chesslib.no"]
[SourceDate "2004.05.04"]

1. d4 f5 2. g4 fxg4 3. e4 e5 4. dxe5 Nc6 5. Qxg4 d6 6. Qg5 Qxg5 7. Bxg5 dxe5 8. Nc3 Bb4 9. O-O-O Bxc3 10. bxc3 Be6 11. Bh3 Bxh3 12. Nxh3 h6 13. Be3 Nf6 14. f3 Rf8 15. Rhf1 Rd8 16. Rde1 Rf7 17. Nf2 Na5 18. Nd3 Nc4 19. Bf2 Nh5 20. Bg3 Nf4 21. Bxf4 exf4 22. Rf2 g5 23. h4 Rd6 24. hxg5 hxg5 25. Rg2 Ra6 26. Rxg5 Rxa2 27. Kb1 Ra5 28. Rxa5 Nxa5 29. e5 Nc4 30. Kc1 Rf5 1/2-1/2

[Event "Pologne (championnat clubs ligue 2)"]
[Site "?"]
[Date "2004.09.06"]
[Round "3.68"]
[White "Chojnacki Slawomir"]
[Black "Kornasiewicz Stanislaw"]
[Result "0-1"]
[WhiteElo "2234"]
[BlackElo "2265"]
[PlyCount "62"]
[EventDate "2004.??.??"]
[Source "www.chesslib.no"]
[SourceDate "2004.05.04"]

1. d4 f5 2. g4 fxg4 3. e4 d6 4. h3 g3 5. fxg3 c6 6. Nf3 Nf6 7. Nc3 Be6 8. Be3 Qa5 9. Qd2 Nbd7 10. a3 Qc7 11. Bg2 g6 12. O-O Bg8 13. b4 Nb6 14. Qf2 Nc4 15. Bf4 O-O-O 16. Rfb1 Nh5 17. Bc1 Bg7 18. g4 Nf6 19. Bf4 Rf8 20. Qg3 h6 21. Re1 g5 22. Bc1 Nd7 23. Ne2 Bh7 24. Nd2 Nxd2 25. Bxd2 Kb8 26. c3 e5 27. Qe3 Nb6 28. Ng3 Nc4 29. Qd3 d5 30. Nf5 Bxf5 31. exf5 e4 0-1

[Event "Hessen"]
[Site "?"]
[Date "2000.11.05"]
[Round "3.1"]
[White "Rasch Holger"]
[Black "Wichmann Daniel"]
[Result "1-0"]
[WhiteElo "2268"]
[BlackElo "2230"]
[PlyCount "59"]
[EventDate "2000.??.??"]
[Source "www.chesslib.no"]
[SourceDate "2004.05.04"]

1. d4 f5 2. g4 fxg4 3. Bf4 d5 4. h3 Nf6 5. Qd3 g3 6. fxg3 c6 7. Nd2 Qa5 8. Bg2 Nbd7 9. Ngf3 Ne4 10. O-O Ndf6 11. g4 Be6 12. Bh2 g5 13. e3 h5 14. Ne5 hxg4 15. Nxe4 dxe4 16. Bxe4 Rxh3 17. Bxc6+ Kd8 18. Bxb7 Bd5 19. Bxd5 Qxd5 20. Qf5 Rxh2 21. Kxh2 Kc7 22. Rae1 Bg7 23. e4 Qxa2 24. Re2 Qa6 25. c4 Qd6 26. Qxg5 Rh8+ 27. Kg2 Ne8 28. c5 Qe6 29. Ng6 Bf6 30. Qf4+ 1-0

[Event "XXV Festival internazionale - Open A"]
[Site "Bled SLO"]
[Date "2008.02.29"]
[Round "8"]
[White "Jeraj, Zlatko"]
[Black "Muzychuk, Mariya"]
[Result "0-1"]
[WhiteElo "2135"]
[BlackElo "2357"]
[PlyCount "126"]
[EventDate "2008.02.23"]
[Source "www.chesslib.no"]
[SourceDate "2004.05.04"]

1. d4 f5 2. g4 d5 3. gxf5 Bxf5 4. Bh3 Qd7 5. Bxf5 Qxf5 6. Qd3 Qxd3 7. cxd3 Nc6 8. Nf3 e6 9. Bd2 Nf6 10. Nc3 Bb4 11. Nb5 Bxd2+ 12. Kxd2 Rc8 13. Ne5 a6 14. Nxc6 bxc6 15. Na3 Rb8 16. b3 Kd7 17. Nb1 Rhf8 18. Rg1 g6 19. Nc3 Kd6 20. e4 Nd7 21. Ke3 c5 22. dxc5+ Nxc5 23. e5+ Ke7 24. Rac1 Nd7 25. d4 c5 26. Ne2 cxd4+ 27. Nxd4 Rbc8 28. f4 Nb6 29. h4 Kf7 30. Nc6 Kg7 31. h5 d4+ 32. Kxd4 Rxf4+ 33. Kc5 Nd7+ 34. Kd6 Nf8 35. hxg6 hxg6 36. Rc4 Rf7 37. Rgc1 Rb7 38. Kc5 Rb5+ 39. Kd4 Rd5+ 40. Ke4 Nd7 41. R1c2 g5 42. Rd4 Nc5+ 43. Kf3 Rxc6 44. Rxd5 exd5 45. b4 Ne6 46. Rxc6 Nd4+ 47. Kg4 Nxc6 48. Kxg5 Nxb4 49. Kf5 Kf7 50. e6+ Ke7 51. Ke5 Nxa2 52. Kxd5 Nb4+ 53. Kc5 a5 54. Kb5 Nc6 55. Ka4 Kxe6 56. Kb5 Kd5 57. Ka4 Kc4 58. Ka3 Kb5 59. Kb3 Nd4+ 60. Ka3 a4 61. Kb2 Kb4 62. Ka2 a3 63. Kb1 Kb3 0-1

[Event "Rostock-B 15th"]
[Site "Rostock GER"]
[Date "1989.??.??"]
[Round "?"]
[White "Jahnel, Guenther"]
[Black "Jaster, Robert"]
[Result "0-1"]
[WhiteElo "2275"]
[BlackElo "2215"]
[PlyCount "50"]
[EventDate "1989.08.??"]
[Source "www.chesslib.no"]
[SourceDate "2004.05.04"]

1. d4 f5 2. g4 fxg4 3. h3 g3 4. fxg3 Nf6 5. Bg2 d5 6. Nc3 e6 7. Qd3 c5 8. dxc5 Nc6 9. Bg5 Bxc5 10. O-O-O O-O 11. e4 d4 12. Na4 Be7 13. e5 Nd5 14. Bxe7 Ndxe7 15. Nf3 Nf5 16. Rhe1 Qa5 17. b3 b5 18. g4 Nb4 19. Qe4 bxa4 20. gxf5 axb3 21. axb3 Ba6 22. Rxd4 exf5 23. Qf4 Rac8 24. Rxb4 Qa1+ 25. Kd2 Qc3+ 0-1

[Event "POL-chT2"]
[Site "?"]
[Date "2003.09.10"]
[Round "7"]
[White "Gryniakow Jaroslaw"]
[Black "Chojnacki Slawomir"]
[Result "1/2-1/2"]
[WhiteElo "2251"]
[BlackElo "2230"]
[PlyCount "118"]
[EventDate "2003.??.??"]
[Source "www.chesslib.no"]
[SourceDate "2004.05.04"]

1. d4 f5 2. g4 fxg4 3. Bf4 Nf6 4. Nc3 d5 5. h3 gxh3 6. Bxh3 Bxh3 7. Nxh3 Qd7 8. Qd3 Nc6 9. O-O-O O-O-O 10. Ng5 e6 11. Nxh7 Bd6 12. Bxd6 Qxd6 13. e3 Rxh7 14. Rxh7 Nxh7 15. Qxh7 Qf8 16. Qg6 Qf6 17. Rg1 Ne7 18. Qxf6 gxf6 19. Rg7 Kd7 20. Rf7 f5 21. Kd2 a6 22. Ne2 Rh8 23. Nf4 Rh6 24. a4 a5 25. Nd3 b6 26. Ne5+ Ke8 27. Rg7 Kf8 28. Rf7+ Ke8 29. Kd3 c5 30. Rg7 Kf8 31. Rg2 Ke8 32. f3 Rh7 33. c3 Kd8 34. Kc2 Kc7 35. Kd2 Kd6 36. f4 Nc6 37. Kd3 cxd4 38. Nxc6 Kxc6 39. Kxd4 Kd6 40. c4 Rh1 41. Rd2 Rb1 42. Rd3 Rc1 43. cxd5 exd5 44. Rd2 Rb1 45. Rd3 Rxb2 46. Kc3 Re2 47. Kd4 Re1 48. Rd2 Rc1 49. Rd3 b5 50. axb5 Rc5 51. Rc3 Rxb5 52. Kd3 Rb4 53. Ke2 Re4 54. Rd3 Rb4 55. Kd2 Kc5 56. Rc3+ Kd6 57. Rd3 Rb8 58. Rc3 Rb5 59. Kc2 Rb8 1/2-1/2

[Event "It Open"]
[Site "Mainz GER"]
[Date "1989.??.??"]
[Round "3"]
[White "Thieme-Garmann Alexander (GER"]
[Black "Pachow, Joerg"]
[Result "1/2-1/2"]
[WhiteElo "2240"]
[BlackElo "2240"]
[PlyCount "130"]
[EventDate "1989.??.??"]
[Source "www.chesslib.no"]
[SourceDate "2004.05.04"]

1. d4 f5 2. g4 d5 3. g5 c5 4. c3 e6 5. h4 Nc6 6. Nh3 cxd4 7. cxd4 Qb6 8. e3 Bd6 9. Nc3 a6 10. a3 Bd7 11. Na4 Qa7 12. b4 b6 13. Bb2 Nb8 14. Rc1 Bxa4 15. Qxa4+ b5 16. Rc8+ Kd7 17. Qc2 Bc7 18. Rf8 Ke7 19. Rc8 Kd7 20. Rxg8 Rxg8 21. Bd3 Rf8 22. g6 h6 23. Ke2 Nc6 24. Rc1 Qb7 25. h5 Bd6 26. Qb3 Rac8 27. f3 Ne7 28. Rc5 Qb8 29. f4 Ng8 30. Ke1 Nf6 31. Be2 Qb6 32. Nf2 Ne4 33. Nxe4 dxe4 34. Rxc8 Rxc8 35. d5 Bf8 36. Be5 Re8 37. Kf2 Qb7 38. dxe6+ Rxe6 39. a4 Qc6 40. axb5 axb5 41. Qa2 Qb7 42. Qa5 Kc6 43. Bf1 Rd6 44. Bxd6 Bxd6 45. Bh3 Qd7 46. Qa6+ Kd5 47. Qa8+ Kc4 48. Qxe4+ fxe4 49. Bxd7 Kxb4 50. Bc6 Kc3 51. Bxe4 b4 52. Ke2 b3 53. Bd5 Bxf4 54. exf4 Kd4 55. Be6 Ke4 56. Bxb3 Kxf4 57. Kd3 Ke5 58. Kc4 Kd6 59. Kd4 Ke7 60. Ke5 Kf8 61. Ba2 Ke7 62. Bg8 Kf8 63. Bh7 Ke7 64. Kd5 Kf8 65. Ke6 Ke8 1/2-1/2

[Event "CZE-chT2 9899"]
[Site "CZE"]
[Date "1999.??.??"]
[Round "?"]
[White "Prymula, Roman"]
[Black "Vorisek, Jaroslav"]
[Result "1/2-1/2"]
[WhiteElo "2240"]
[BlackElo "2230"]
[PlyCount "84"]
[EventDate "1998.??.??"]
[Source "www.chesslib.no"]
[SourceDate "2004.05.04"]

1. d4 f5 2. g4 fxg4 3. e4 d5 4. e5 Bf5 5. h3 Qd7 6. Nc3 Nc6 7. a3 O-O-O 8. Bf4 h5 9. hxg4 Bxg4 10. f3 Bf5 11. Qd2 g6 12. Nh3 e6 13. O-O-O Nh6 14. Na4 Nf7 15. Ng5 Ncxe5 16. dxe5 Nxg5 17. Bxg5 Qxa4 18. Rh4 Qc6 19. Bxd8 Bh6 20. f4 Rxd8 21. Bd3 Rf8 22. Kb1 Qa4 23. Rf1 Qd4 24. Qf2 Qxf2 25. Rxf2 Bxd3 26. cxd3 Bg5 27. Rhh2 Rxf4 28. Rhg2 Rxf2 29. Rxf2 Be7 30. Kc2 Kd7 31. Rf7 g5 32. Kd2 c5 33. Ke3 a6 34. Kf3 b5 35. Rh7 h4 36. Rh8 Bd8 37. Rh7+ Be7 38. Rh8 Bd8 39. Rh7+ Kc6 40. Rh8 Kd7 41. Rh7+ Kc6 42. Rh6 Kd7 1/2-1/2

[Event "Verbandsliga Sued Baden 9899"]
[Site "?"]
[Date "1998.11.29"]
[Round "3.1"]
[White "Pape Joerg"]
[Black "Mathonia Claude"]
[Result "1/2-1/2"]
[WhiteElo "2245"]
[BlackElo "2210"]
[PlyCount "105"]
[EventDate "1998.??.??"]
[Source "www.chesslib.no"]
[SourceDate "2004.05.04"]

1. d4 f5 2. g4 fxg4 3. e4 d5 4. e5 c5 5. Nc3 Nc6 6. Be3 cxd4 7. Bxd4 Nh6 8. Bb5 e6 9. Be3 Qh4 10. Qd2 Be7 11. O-O-O O-O 12. h3 d4 13. Bxd4 Rd8 14. Bxc6 Bg5 15. hxg4 Bxd2+ 16. Rxd2 Qxg4 17. Be4 Nf5 18. f3 Qg5 19. Nh3 Qxd2+ 20. Kxd2 Rxd4+ 21. Bd3 Rh4 22. Ne4 Kf8 23. Nef2 Bd7 24. Rg1 Rd8 25. Bxf5 exf5 26. Ke3 Rc4 27. c3 Be6 28. Nd3 Rc6 29. Ng5 h6 30. Nxe6+ Rxe6 31. f4 Kf7 32. Nc5 Re7 33. Rh1 Rd5 34. Nb3 Rb5 35. Rh2 g5 36. Nd4 gxf4+ 37. Kxf4 Rbxe5 38. Nxf5 R7e6 39. Nxh6+ Kg6 40. Ng4 Rf5+ 41. Kg3 Kg5 42. Rh7 Rd5 43. Nh2 Rd3+ 44. Nf3+ Kg6 45. Rh4 Re2 46. Rb4 Kf6 47. a4 Ke6 48. a5 Ree3 49. Rf4 Kd5 50. Kf2 Rxf3+ 51. Rxf3 Rd2+ 52. Ke3 Rxb2 53. Kd3 1/2-1/2

[Event "Graz Open"]
[Site "Graz AUT"]
[Date "1995.??.??"]
[Round "9"]
[White "Raffalt, Manfred"]
[Black "Halser, Walter"]
[Result "0-1"]
[WhiteElo "2255"]
[BlackElo "2190"]
[PlyCount "65"]
[EventDate "1995.09.??"]
[Source "www.chesslib.no"]
[SourceDate "2004.05.04"]

1. d4 f5 2. g4 fxg4 3. e4 d6 4. Nc3 e5 5. h3 exd4 6. Qxd4 Nc6 7. Qd1 Ne5 8. hxg4 Bxg4 9. Be2 Bxe2 10. Qxe2 Qd7 11. Be3 a6 12. O-O-O O-O-O 13. f4 Nf7 14. Rh5 Nf6 15. Ra5 Qc6 16. Rd4 Be7 17. Rc4 Qe8 18. Bb6 Rd7 19. Nb5 Bd8 20. Na7+ Kb8 21. Nc6+ bxc6 22. Rb4 cxb6 23. Qxa6 Rb7 24. Qa8+ Kc7 25. Rxb6 Kxb6 26. Ra3 Kc7 27. Qa5+ Kd7 28. Qa8 Rc7 29. e5 dxe5 30. Nf3 exf4 31. Qa4 Nd5 32. c4 Qe4 33. Qd1 0-1

[Event "Mehlingen PSB-ch MTA"]
[Site "Mehlingen"]
[Date "1999.04.03"]
[Round "8"]
[White "Murany, Karl Jasmin"]
[Black "Lang, Torsten"]
[Result "1/2-1/2"]
[WhiteElo "2199"]
[BlackElo "2239"]
[PlyCount "25"]
[EventDate "1999.??.??"]
[Source "www.chesslib.no"]
[SourceDate "2004.05.04"]

1. d4 f5 2. g4 d5 3. Qd3 fxg4 4. h3 g3 5. fxg3 c5 6. dxc5 e5 7. e4 Be6 8. Bg2 Nf6 9. exd5 Bxd5 10. Bxd5 Qxd5 11. Qxd5 Nxd5 12. Nf3 Bxc5 13. Nxe5 1/2-1/2

[Event "Gent op 19th"]
[Site "?"]
[Date "1996.??.??"]
[Round "8"]
[White "Van Gelder Bart"]
[Black "Eliet Nicolas"]
[Result "1-0"]
[WhiteElo "2055"]
[BlackElo "2380"]
[PlyCount "51"]
[EventDate "1996.??.??"]
[Source "www.chesslib.no"]
[SourceDate "2004.05.04"]

1. d4 f5 2. g4 fxg4 3. h3 g3 4. fxg3 d5 5. Bg2 Nf6 6. Bf4 e6 7. e3 c5 8. c3 Nc6 9. Nf3 Bd6 10. O-O O-O 11. Nbd2 Nh5 12. Ne5 Nxf4 13. gxf4 Ne7 14. Ndf3 Nf5 15. Qe1 b6 16. Kh2 Bb7 17. Rg1 Qe7 18. Bf1 Rac8 19. Bd3 Rc7 20. Rg5 cxd4 21. cxd4 Rf6 22. Nh4 Nxd4 23. exd4 Rxf4 24. Bxh7+ Kxh7 25. Rh5+ Kg8 26. Nhg6 1-0

[Event "Interclubs"]
[Site "Interclubs"]
[Date "1995.??.??"]
[Round "?"]
[White "Maes, Wim"]
[Black "Van Hul, Chris"]
[Result "1/2-1/2"]
[WhiteElo "2170"]
[BlackElo "2260"]
[PlyCount "47"]
[EventDate "1995.??.??"]
[Source "www.chesslib.no"]
[SourceDate "2004.05.04"]

1. d4 f5 2. g4 fxg4 3. h3 e5 4. hxg4 exd4 5. Qxd4 Nc6 6. Qe4+ Nge7 7. c4 d5 8. cxd5 Qxd5 9. Qxd5 Nxd5 10. f3 Bb4+ 11. Kd1 Be6 12. e4 Nb6 13. Bg5 O-O 14. Nd2 Rad8 15. Bxd8 Rxd8 16. Rh2 Nd4 17. b3 a5 18. Rb1 a4 19. Bc4 Bxc4 20. bxc4 Bxd2 21. Rxd2 Nxc4 22. Rd3 Ne5 23. Rd2 Nc4 24. Rd3 1/2-1/2

[Event "It (Open) Piestany SLO"]
[Site "?"]
[Date "2005.11.17"]
[Round "3"]
[White "Paganik Pavel"]
[Black "Malar Pavol"]
[Result "1-0"]
[WhiteElo "2307"]
[BlackElo "2108"]
[PlyCount "33"]
[EventDate "2005.??.??"]
[Source "www.chesslib.no"]
[SourceDate "2004.05.04"]

1. d4 f5 2. g4 fxg4 3. h3 d5 4. Nc3 Nf6 5. Bf4 Bf5 6. hxg4 Bxg4 7. f3 Bf5 8. Bg2 c5 9. Qd2 cxd4 10. Nb5 Na6 11. Nxd4 Bd7 12. O-O-O Qb6 13. e4 O-O-O 14. e5 Ne8 15. Nh3 Bxh3 16. Bxh3+ Kb8 17. Ne6 1-0

[Event "Nyirsegi Torna op"]
[Site "?"]
[Date "1999.07.18"]
[Round "9"]
[White "Kadas Gabor"]
[Black "Papp Laszlo"]
[Result "1-0"]
[WhiteElo "2271"]
[BlackElo "2143"]
[PlyCount "55"]
[EventDate "1999.??.??"]
[Source "www.chesslib.no"]
[SourceDate "2004.05.04"]

1. d4 f5 2. g4 fxg4 3. e4 e5 4. dxe5 d6 5. h3 dxe5 6. Qxd8+ Kxd8 7. hxg4 Bxg4 8. f3 Be6 9. Nh3 Be7 10. Ng5 Bxg5 11. Bxg5+ Nf6 12. Nc3 c6 13. f4 Nbd7 14. fxe5 Nxe5 15. O-O-O+ Ke7 16. Bf4 Nf7 17. e5 Nd5 18. Nxd5+ Bxd5 19. Rg1 Rhg8 20. c4 Be6 21. Bd3 g5 22. Bd2 h5 23. Bb4+ Ke8 24. Rgf1 Rd8 25. Rf6 Bg4 26. e6 Ne5 27. e7 Bxd1 28. Rf8+ 1-0

[Event "Catalunya ch-sf"]
[Site "?"]
[Date "1983.??.??"]
[Round "6"]
[White "Illescas"]
[Black "Pineda"]
[Result "1-0"]
[WhiteElo "2200"]
[BlackElo "2200"]
[PlyCount "41"]
[EventDate "1983.??.??"]
[Source "www.chesslib.no"]
[SourceDate "2004.05.04"]

1. d4 f5 2. g4 d5 3. gxf5 Bxf5 4. Bf4 Nf6 5. e3 c6 6. Bd3 Ne4 7. f3 e5 8. fxe4 dxe4 9. Bxe5 exd3 10. cxd3 Nd7 11. Bf4 Qh4+ 12. Bg3 Qg5 13. Qd2 O-O-O 14. e4 Bb4 15. Qxb4 Qc1+ 16. Kf2 Nc5 17. Qxc5 Qxb2+ 18. Ke3 Bg4 19. Qe5 Kd7 20. Qxg7+ Kc8 21. Qc7# 1-0

[Event "POL-chT region"]
[Site "?"]
[Date "1999.??.??"]
[Round "?"]
[White "Bablok Maciej"]
[Black "Dudek Andrzej"]
[Result "0-1"]
[WhiteElo "2184"]
[BlackElo "2215"]
[PlyCount "66"]
[EventDate "1999.??.??"]
[Source "www.chesslib.no"]
[SourceDate "2004.05.04"]

1. d4 f5 2. g4 d5 3. g5 Nc6 4. Nf3 e6 5. Bf4 Bd6 6. e3 Nge7 7. Nc3 a6 8. h4 Bd7 9. Qd2 Nc8 10. O-O-O Qe7 11. h5 b5 12. Bd3 Nb6 13. g6 h6 14. Ne5 Nxe5 15. Bxe5 Bxe5 16. dxe5 c5 17. f3 b4 18. Nb1 c4 19. Be2 Bc6 20. Qd4 Rb8 21. e4 O-O 22. exf5 Rxf5 23. f4 a5 24. Bg4 Rff8 25. Nd2 Na4 26. Nxc4 dxc4 27. Qxc4 Bxh1 28. Rxh1 Kh8 29. Rd1 Rbd8 30. Rxd8 Rxd8 31. Bxe6 Nb6 32. Qc6 Qh4 33. Qe4 Qf2 0-1

[Event "Mondariz Balneario Acemar 3op ("]
[Site "?"]
[Date "1996.??.??"]
[Round "?"]
[White "Pinho, Paulo"]
[Black "Fernandez, Luis"]
[Result "0-1"]
[WhiteElo "2135"]
[BlackElo "2260"]
[PlyCount "65"]
[EventDate "1996.??.??"]
[Source "www.chesslib.no"]
[SourceDate "2004.05.04"]

1. d4 f5 2. g4 fxg4 3. h3 g3 4. fxg3 Nf6 5. Nc3 d5 6. Bg5 c5 7. e3 e6 8. Qe2 cxd4 9. exd4 Bb4 10. Qe3 O-O 11. Bd3 Nc6 12. Nf3 Qc7 13. Bf4 Qe7 14. g4 b6 15. a3 Bxc3+ 16. bxc3 Bb7 17. O-O Rae8 18. Bg3 Ba8 19. Bh4 Qc7 20. Rae1 Na5 21. Ne5 Nc4 22. Qe2 Nd6 23. Rf3 Nfe4 24. Ref1 Rxf3 25. Rxf3 Qxc3 26. Qe3 Qd2 27. Be1 Qxe3+ 28. Rxe3 a5 29. Kg2 Nf6 30. Bh4 Nc4 31. Rf3 Nxe5 32. dxe5 Nd7 33. Re3 0-1

[Event "22nd GP Open A"]
[Site "Le Touquet FRA"]
[Date "2007.10.30"]
[Round "5"]
[White "Saligo, L."]
[Black "Bjarnason, O."]
[Result "0-1"]
[WhiteElo "2115"]
[BlackElo "2278"]
[PlyCount "100"]
[EventDate "2007.10.27"]
[Source "www.chesslib.no"]
[SourceDate "2004.05.04"]

1. d4 f5 2. g4 fxg4 3. h3 d5 4. hxg4 Bxg4 5. Qd3 Nf6 6. Bg5 Qd7 7. Bh3 Nc6 8. Bxf6 exf6 9. c3 O-O-O 10. Nd2 h5 11. O-O-O Bxh3 12. Nxh3 g5 13. f3 Bh6 14. e3 Qh7 15. Qxh7 Rxh7 16. Nf2 Bg7 17. Rdg1 Rdh8 18. e4 Ne7 19. Kc2 c6 20. Kd3 Ng6 21. Nh3 g4 22. Nf2 Nf4+ 23. Kc2 Ne2 24. Rg2 Nf4 25. Rgg1 Ne2 26. Rg2 gxf3 27. Nxf3 Nf4 28. Rgh2 Re8 29. Nd2 Bh6 30. exd5 cxd5 31. Nh3 Bg5 32. Nf3 Nxh3 33. Rxh3 h4 34. Rg1 Re2+ 35. Kd1 Rxb2 36. Nxg5 fxg5 37. Rxg5 Rxa2 38. Kc1 a5 39. Kb1 Rf2 40. Rxd5 b6 41. Rg5 a4 42. c4 Kb7 43. c5 Re7 44. Rg1 Ree2 45. cxb6 Rb2+ 46. Ka1 Ra2+ 47. Kb1 a3 48. Rb3 Rfb2+ 49. Rxb2 Rxb2+ 50. Ka1 h3 0-1

[Event "JUG Ch women"]
[Site "Kladovo"]
[Date "1991.??.??"]
[Round "?"]
[White "Maksimovic, Suzana"]
[Black "Kokanovic, Ksenija"]
[Result "1-0"]
[WhiteElo "2290"]
[BlackElo "2095"]
[PlyCount "61"]
[EventDate "1991.??.??"]
[Source "www.chesslib.no"]
[SourceDate "2004.05.04"]

1. d4 f5 2. g4 fxg4 3. Bf4 d5 4. h3 gxh3 5. Nc3 Nf6 6. Qd3 Na6 7. Nf3 e6 8. a3 Bd6 9. Ne5 Bd7 10. Rxh3 Rf8 11. Rxh7 Ne4 12. Nxe4 dxe4 13. Qxe4 Qf6 14. e3 Bxe5 15. dxe5 Qf5 16. Qxf5 Rxf5 17. Rxg7 O-O-O 18. O-O-O Nb8 19. Bh3 Rff8 20. Bg5 Rde8 21. f4 Rh8 22. Bg4 b6 23. b3 Rh2 24. Bf3 Rf2 25. Rdxd7 Nxd7 26. Bc6 Rf1+ 27. Kd2 Rh8 28. Bxd7+ Kb7 29. Bxe6 Rh2+ 30. Kc3 Rff2 31. Bf5 1-0

[Event "CZE-chTJ 0001"]
[Site "?"]
[Date "2000.??.??"]
[Round "3"]
[White "Hlavacek Jiri"]
[Black "Borkovec Milan"]
[Result "1/2-1/2"]
[WhiteElo "2185"]
[BlackElo "2200"]
[PlyCount "61"]
[EventDate "2000.??.??"]
[Source "www.chesslib.no"]
[SourceDate "2004.05.04"]

1. d4 f5 2. g4 fxg4 3. h3 d5 4. Qd3 Nf6 5. Nc3 g6 6. hxg4 Bxg4 7. f3 Be6 8. Nh3 c6 9. Bf4 Na6 10. Ng5 Bf5 11. e4 Nb4 12. Qd2 dxe4 13. fxe4 Qxd4 14. exf5 Qxd2+ 15. Kxd2 Rd8+ 16. Bd3 Nxd3 17. cxd3 gxf5 18. Be5 Rg8 19. Bxf6 h6 20. Ne6 Rd6 21. Rae1 exf6 22. Nxf8+ Kxf8 23. Rxh6 Rg2+ 24. Re2 Rg3 25. Re3 Rg2+ 26. Ne2 f4 27. Rf3 Re6 28. Rxf4 Rexe2+ 29. Kc3 Rxb2 30. Rhxf6+ Kg7 31. Rf7+ 1/2-1/2

[Event "Slovakia"]
[Site "?"]
[Date "2002.??.??"]
[Round "9"]
[White "Bronis Marian"]
[Black "Jablonicky Frantisek"]
[Result "0-1"]
[WhiteElo "2126"]
[BlackElo "2234"]
[PlyCount "44"]
[EventDate "2002.??.??"]
[Source "www.chesslib.no"]
[SourceDate "2004.05.04"]

1. d4 f5 2. g4 fxg4 3. e4 d6 4. f4 e5 5. Be3 exd4 6. Qxd4 Nc6 7. Qd2 Be7 8. Ne2 Nf6 9. Nbc3 Be6 10. O-O-O Qd7 11. Ng3 O-O 12. Qg2 Qe8 13. Be2 a6 14. f5 Bf7 15. h3 d5 16. exd5 Bb4 17. Bf4 Bxc3 18. bxc3 Ne7 19. Bxc7 Nexd5 20. Bd6 Ne3 21. Qh2 Qa4 22. hxg4 Qxc2# 0-1

[Event "HUN-chT2 9697"]
[Site "?"]
[Date "1996.??.??"]
[Round "1"]
[White "Rithnovszky Antal"]
[Black "Hajdu Istvan"]
[Result "0-1"]
[WhiteElo "2160"]
[BlackElo "2190"]
[PlyCount "62"]
[EventDate "1996.??.??"]
[Source "www.chesslib.no"]
[SourceDate "2004.05.04"]

1. d4 f5 2. g4 d5 3. Bf4 e6 4. e3 Bd6 5. Nh3 Nc6 6. a3 e5 7. dxe5 Nxe5 8. g5 Be6 9. Nc3 c6 10. Be2 Ne7 11. Bg3 N5g6 12. Qd2 b5 13. Bxd6 Qxd6 14. f4 O-O 15. Nf2 Rfd8 16. Nd3 d4 17. exd4 Qxd4 18. O-O-O a5 19. Bf3 b4 20. Nb1 Rab8 21. axb4 axb4 22. Rhe1 Bc4 23. Re3 Qa7 24. Qe1 Bxd3 25. Rdxd3 Rxd3 26. Rxd3 Nxf4 27. Rd6 b3 28. Qe5 Qg1+ 29. Bd1 Qxg5 30. Rd2 Re8 31. cxb3 Nd3+ 0-1

[Event "WLS-ch"]
[Site "Swansea"]
[Date "2001.04.14"]
[Round "3"]
[White "Williams, Leighton"]
[Black "White, E Michael"]
[Result "1-0"]
[WhiteElo "2307"]
[BlackElo "2038"]
[PlyCount "89"]
[EventDate "2001.04.13"]
[Source "www.chesslib.no"]
[SourceDate "2004.05.04"]

1. d4 f5 2. g4 d6 3. gxf5 Bxf5 4. c4 Nc6 5. d5 Ne5 6. Nc3 Nf6 7. Bg5 Ned7 8. Bg2 h6 9. Bh4 g5 10. Bg3 Bg7 11. e4 Bg6 12. Nge2 Nc5 13. Qc2 e5 14. O-O-O a6 15. b4 Ncd7 16. Kb2 Qe7 17. Nc1 O-O 18. Nb3 Rab8 19. a3 Rfd8 20. f3 c6 21. Bf2 cxd5 22. cxd5 Rdc8 23. Qd2 Rc7 24. Na4 b5 25. Nc3 Nb6 26. Bxb6 Rxb6 27. Bh3 Nh5 28. Be6+ Kh7 29. h4 gxh4 30. Qf2 Rb8 31. Rxh4 Nf4 32. Rhh1 Nxe6 33. dxe6 Qxe6 34. Nd5 Bf7 35. Qe3 Rcc8 36. Rdg1 Rc4 37. Na5 Rd4 38. Nc6 Rc8 39. Nde7 Rc7 40. Rxg7+ Kxg7 41. Nf5+ Kf8 42. Rxh6 Qxf5 43. Rh8+ Bg8 44. Qh6+ Kf7 45. exf5 1-0

[Event "Bayernliga 05/06 (RLSW)"]
[Site "?"]
[Date "2005.10.23"]
[Round "1.1"]
[White "Hoy Bernd"]
[Black "Schleich Markus"]
[Result "1/2-1/2"]
[WhiteElo "2220"]
[BlackElo "2115"]
[PlyCount "97"]
[EventDate "2005.??.??"]
[Source "www.chesslib.no"]
[SourceDate "2004.05.04"]

1. d4 f5 2. g4 d5 3. gxf5 Bxf5 4. Bg5 Nf6 5. Nc3 e6 6. Qd2 Be7 7. O-O-O Nc6 8. f3 O-O 9. Bg2 Na5 10. e4 Nc4 11. Qe2 Nxe4 12. fxe4 Bxg5+ 13. Kb1 Bg6 14. h4 Bh6 15. Rh3 c6 16. h5 Bf7 17. b3 Nd6 18. Nf3 a5 19. a4 Be8 20. Rg1 Qb6 21. exd5 exd5 22. Qe6+ Nf7 23. Nxd5 Qd8 24. Ne7+ Kh8 25. Qe2 Bd7 26. Rhh1 Re8 27. Re1 Bg4 28. Ne5 Nxe5 29. Qxe5 Qb8 30. d5 Qxe5 31. Rxe5 cxd5 32. Bxd5 Rab8 33. Rhe1 Rf8 34. Bc4 Bd2 35. Rg1 Bf3 36. Rf1 Bg4 37. Nd5 Rxf1+ 38. Bxf1 Rf8 39. Bd3 Rd8 40. c4 Rf8 41. Kc2 Bh6 42. c5 g6 43. hxg6 hxg6 44. Bxg6 Rf2+ 45. Kd3 Bd1 46. Be4 Bxb3 47. Rh5 Kg7 48. Ne3 Bxe3 49. Kxe3 1/2-1/2

[Event "Moscow 71/(85)"]
[Site "Moscow"]
[Date "1998.??.??"]
[Round "7"]
[White "Rogers, C."]
[Black "Arutyunyan, Arutyun"]
[Result "1/2-1/2"]
[WhiteElo "2195"]
[BlackElo "2120"]
[PlyCount "64"]
[EventDate "1998.??.??"]
[Source "www.chesslib.no"]
[SourceDate "2004.05.04"]

1. d4 f5 2. g4 d6 3. Nc3 fxg4 4. h3 g3 5. fxg3 Nf6 6. Bg5 d5 7. Bg2 c6 8. Qd2 Bf5 9. g4 Bg6 10. Nf3 Ne4 11. Nxe4 Bxe4 12. Nh4 Bxg2 13. Nxg2 Nd7 14. O-O-O Nf6 15. Rhf1 Ne4 16. Qf4 Nxg5 17. Qxg5 Qd7 18. Rf3 O-O-O 19. Rdf1 Qd6 20. Kb1 h6 21. Qe3 g5 22. Rf7 Rg8 23. Ne1 Bg7 24. Nd3 Rdf8 25. R1f3 Bf6 26. Rxf8+ Rxf8 27. c3 Rg8 28. Qf2 Kc7 29. Rf5 b6 30. Ne5 Bxe5 31. Rxe5 Qg6+ 32. Kc1 e6 1/2-1/2

[Event "Aschach Open"]
[Site "Aschach AUT"]
[Date "1994.??.??"]
[Round "?"]
[White "Modrova, Hana"]
[Black "Moser, Guenter"]
[Result "0-1"]
[WhiteElo "2020"]
[BlackElo "2280"]
[PlyCount "36"]
[EventDate "1994.??.??"]
[Source "www.chesslib.no"]
[SourceDate "2004.05.04"]

1. d4 f5 2. g4 fxg4 3. e4 d5 4. e5 c5 5. h3 g3 6. fxg3 cxd4 7. Qxd4 Nc6 8. Qf4 g6 9. Nf3 Bh6 10. Ng5 Bf5 11. Rh2 Qa5+ 12. Bd2 Qb6 13. h4 O-O-O 14. Bd3 Bxd3 15. cxd3 Qg1+ 16. Qf1 Qxh2 17. Nf7 Rf8 18. Qf3 Qg1+ 0-1

[Event "Naleczow (Women)"]
[Site "Naleczow"]
[Date "1985.??.??"]
[Round "1"]
[White "Fatalibekova, Elena"]
[Black "Lazarevic, Milunka"]
[Result "1-0"]
[WhiteElo "2120"]
[BlackElo "2170"]
[PlyCount "79"]
[EventDate "1985.??.??"]
[Source "www.chesslib.no"]
[SourceDate "2004.05.04"]

1. d4 f5 2. g4 fxg4 3. e4 d6 4. Nc3 e5 5. Be3 Nf6 6. h3 Be7 7. Bc4 c6 8. Bb3 Qa5 9. f3 gxf3 10. Qxf3 exd4 11. Bxd4 Qg5 12. Be3 Qh4+ 13. Bf2 Qh5 14. O-O-O Nbd7 15. Qg3 Qh6+ 16. Be3 Qg6 17. Qxg6+ hxg6 18. Nf3 Nh5 19. Ng5 Ne5 20. h4 Rf8 21. Rdf1 Rxf1+ 22. Rxf1 Bf6 23. a4 Ke7 24. a5 Bd7 25. Rg1 Ng4 26. Bd2 Be5 27. Nf3 Bf4 28. Ne2 Bxd2+ 29. Kxd2 Rf8 30. Ng5 Rf2 31. Ke1 Rh2 32. Nf3 Rh3 33. Rf1 Ngf6 34. e5 Ne4 35. exd6+ Kxd6 36. Bf7 Bf5 37. Nfd4 Rxh4 38. Rxf5 c5 39. Nb5+ Ke7 40. Bxg6 1-0